000 00822nam a2200241 a 4500
003 MX-MxUPN
005 20240829140418.0
008 991125s1888 sp fr 000 0 spa d
035 _aUPN01000033637
040 _aMX-MxUPN
_bspa
_cMX-MxUPN
041 _aspa
050 4 _aLB1607
_bH4.3
100 1 _aHernández, Pablo,
_d1852-1921
_953322
245 1 0 _aJuicio crítico sobre la educación antigua y la moderna
260 _aMadrid :
_b[editor no identificado],
_c1888.
300 _a513 páginas
650 4 _aEducación secundaria
_zEspaña
_xHistoria
_916491
710 2 _951335
_aMuseo Pedagógico Nacional (México)
_epropietario anterior
710 2 _951340
_aBiblioteca Miguel de Cervantes Saavedra (México)
_epropietario anterior
902 _bMaríaRobles/2970824
905 _aLibro
942 _2lcc
_cLIBRO
_n0
999 _c33637
_d33637